[Event "WCO 2016"]
[Site "?"]
[Date "2016.09.11"]
[Round "9"]
[Board "23"]
[WhiteID "2400030"]
[White "McNab Colin A"]
[BlackID "7800509"]
[Black "Wahid Hussain"]
[Result "1-0"]
[BlackElo "2018"]
[WhiteElo "2434"]
[LiveChessVersion "1.4.8"]

1. c4 {[%clk 1:30:53]} e5 {[%clk 1:30:45]} 2. Nc3 {[%clk 1:31:11]} Nf6
{[%clk 1:30:57]} 3. Nf3 {[%clk 1:31:26]} Nc6 {[%clk 1:31:12]} 4. a3
{[%clk 1:31:02]} h6 {[%clk 1:30:39]} 5. Qc2 {[%clk 1:22:17]} d6 {[%clk 1:30:10]}
6. e3 {[%clk 1:20:47]} Bg4 {[%clk 1:29:35]} 7. b4 {[%clk 1:17:17]} Be7
{[%clk 1:28:50]} 8. Bb2 {[%clk 1:15:02]} O-O {[%clk 1:28:43]} 9. Bd3
{[%clk 1:09:04]} a5 {[%clk 1:27:27]} 10. b5 {[%clk 1:08:18]} Nb8 {[%clk 1:27:44]}
11. h3 {[%clk 1:04:45]} Be6 {[%clk 1:28:04]} 12. g4 {[%clk 0:59:22]} Nfd7
{[%clk 1:28:20]} 13. Na4 {[%clk 0:48:48]} c6 {[%clk 1:25:25]} 14. Rc1
{[%clk 0:48:07]} Nb6 {[%clk 1:25:19]} 15. bxc6 {[%clk 0:39:53]} bxc6
{[%clk 1:24:56]} 16. Nxb6 {[%clk 0:38:37]} Qxb6 {[%clk 1:25:17]} 17. c5
{[%clk 0:38:10]} dxc5 {[%clk 1:21:31]} 18. Nxe5 {[%clk 0:36:53]} Rd8
{[%clk 1:19:15]} 19. Nc4 {[%clk 0:31:17]} Qb7 {[%clk 1:17:36]} 20. Rb1
{[%clk 0:29:13]} Qa6 {[%clk 1:13:54]} 21. Nd6 {[%clk 0:24:17]} c4
{[%clk 1:10:09]} 22. Bxc4 {[%clk 0:24:05]} Bxc4 {[%clk 1:10:20]} 23. Nxc4
{[%clk 0:24:27]} Nd7 {[%clk 1:09:06]} 24. O-O {[%clk 0:22:38]} Rab8
{[%clk 1:06:51]} 25. Ba1 {[%clk 0:22:14]} Rb5 {[%clk 1:07:08]} 26. Rxb5
{[%clk 0:19:55]} cxb5 {[%clk 1:06:26]} 27. Qc3 {[%clk 0:18:36]} Nf6
{[%clk 1:05:39]} 28. Ne5 {[%clk 0:12:19]} Rc8 {[%clk 0:59:23]} 29. Qb3
{[%clk 0:11:42]} Qe6 {[%clk 0:59:12]} 30. Qxb5 {[%clk 0:10:47]} Bxa3
{[%clk 0:58:45]} 31. Qxa5 {[%clk 0:09:37]} Bd6 {[%clk 0:58:41]} 32. f4
{[%clk 0:08:55]} Rc5 {[%clk 0:51:08]} 33. Qd8+ {[%clk 0:07:42]} Kh7
{[%clk 0:50:32]} 34. Nxf7 {[%clk 0:07:00]} Qxf7 {[%clk 0:49:50]} 35. Qxd6
{[%clk 0:07:07]} Rd5 {[%clk 0:49:48]} 36. Qb4 {[%clk 0:07:12]} Qd7
{[%clk 0:49:17]} 37. Bxf6 {[%clk 0:07:05]} gxf6 {[%clk 0:49:27]} 38. Rf2
{[%clk 0:05:41]} Rb5 {[%clk 0:48:44]} 39. Qe4+ {[%clk 0:05:40]} f5
{[%clk 0:49:06]} 40. gxf5 {[%clk 0:35:42]} Rxf5 {[%clk 1:18:23]} 41. Rg2
{[%clk 0:35:44]} Kh8 {[%clk 1:18:28]} 42. Qa8+ {[%clk 0:36:00]} 1-0

[Event "WCO 2016"]
[Site "?"]
[Date "2016.09.11"]
[Round "9"]
[Board "24"]
[WhiteID "7801076"]
[White "Syed Ahmad Ali"]
[BlackID "2400650"]
[Black "Berry Neil"]
[Result "1/2-1/2"]
[BlackElo "2315"]
[WhiteElo "2343"]
[LiveChessVersion "1.4.8"]

1. d4 {[%clk 1:28:54]} d5 {[%clk 1:30:47]} 2. Nf3 {[%clk 1:28:20]} Nf6
{[%clk 1:31:02]} 3. e3 {[%clk 1:28:28]} Bg4 {[%clk 1:29:54]} 4. Be2
{[%clk 1:27:43]} e6 {[%clk 1:27:07]} 5. O-O {[%clk 1:28:03]} Bd6 {[%clk 1:25:45]}
6. Nbd2 {[%clk 1:28:05]} Nbd7 {[%clk 1:24:06]} 7. b3 {[%clk 1:28:24]} O-O
{[%clk 1:24:03]} 8. Bb2 {[%clk 1:28:51]} c6 {[%clk 1:24:03]} 9. Ne5
{[%clk 1:26:53]} Bxe2 {[%clk 1:24:08]} 10. Qxe2 {[%clk 1:27:19]} a5
{[%clk 1:21:36]} 11. a3 {[%clk 1:27:20]} Qe7 {[%clk 1:09:50]} 12. f4
{[%clk 1:15:49]} Ne4 {[%clk 1:02:54]} 13. Nxe4 {[%clk 0:51:28]} dxe4
{[%clk 1:03:05]} 14. c4 {[%clk 0:48:37]} f6 {[%clk 0:47:07]} 15. Nxd7
{[%clk 0:48:21]} Qxd7 {[%clk 0:47:32]} 16. Rfd1 {[%clk 0:46:13]} Qf7
{[%clk 0:44:36]} 17. d5 {[%clk 0:36:15]} exd5 {[%clk 0:26:28]} 18. cxd5
{[%clk 0:36:41]} Rac8 {[%clk 0:21:37]} 19. Rd2 {[%clk 0:30:45]} cxd5
{[%clk 0:18:58]} 20. Rad1 {[%clk 0:30:03]} Rc5 {[%clk 0:16:48]} 21. b4
{[%clk 0:26:29]} axb4 {[%clk 0:16:44]} 22. axb4 {[%clk 0:26:57]} Rc7
{[%clk 0:15:09]} 23. Qb5 {[%clk 0:26:51]} Rfc8 {[%clk 0:13:20]} 24. Rxd5
{[%clk 0:26:17]} Bf8 {[%clk 0:13:40]} 25. Rd7 {[%clk 0:13:57]} Qb3
{[%clk 0:10:42]} 26. Qd5+ {[%clk 0:09:01]} Qxd5 {[%clk 0:11:09]} 27. R7xd5
{[%clk 0:08:30]} Rc2 {[%clk 0:09:52]} 28. Bd4 {[%clk 0:08:27]} Bxb4
{[%clk 0:08:35]} 29. Rb5 {[%clk 0:08:17]} Rc1 {[%clk 0:05:27]} 30. Rxc1
{[%clk 0:05:22]} Rxc1+ {[%clk 0:05:53]} 31. Kf2 {[%clk 0:05:51]} Rc2+
{[%clk 0:05:05]} 32. Kf1 {[%clk 0:05:11]} Rc4 {[%clk 0:01:23]} 33. Rxb7
{[%clk 0:05:28]} Bc3 {[%clk 0:01:17]} 34. Bxc3 {[%clk 0:03:58]} Rxc3
{[%clk 0:01:45]} 35. Kf2 {[%clk 0:04:26]} Rc2+ {[%clk 0:01:37]} 36. Kf1
{[%clk 0:04:54]} Rc1+ {[%clk 0:01:51]} 37. Kf2 {[%clk 0:05:23]} Rc2+
{[%clk 0:02:14]} 38. Kf1 {[%clk 0:05:52]} Rc1+ {[%clk 0:02:35]} 39. Kf2
{[%clk 0:06:15]} Rc2+ {[%clk 0:02:57]} 1/2-1/2

[Event "WCO 2016"]
[Site "?"]
[Date "2016.09.11"]
[Round "9"]
[Board "21"]
[WhiteID "8400016"]
[White "Guillen Ramirez Jose Antonio"]
[BlackID "13405764"]
[Black "Asadli Vugar"]
[Result "1/2-1/2"]
[BlackElo "2406"]
[WhiteElo "2269"]
[LiveChessVersion "1.4.8"]

1. d4 {[%clk 1:30:55]} d5 {[%clk 1:30:55]} 2. c4 {[%clk 1:31:13]} e6
{[%clk 1:31:20]} 3. Nc3 {[%clk 1:31:38]} Be7 {[%clk 1:31:41]} 4. Nf3
{[%clk 1:31:44]} Nf6 {[%clk 1:32:05]} 5. cxd5 {[%clk 1:31:08]} exd5
{[%clk 1:32:14]} 6. Bg5 {[%clk 1:31:24]} h6 {[%clk 1:32:00]} 7. Bxf6
{[%clk 1:31:34]} Bxf6 {[%clk 1:32:28]} 8. e3 {[%clk 1:31:20]} O-O
{[%clk 1:31:23]} 9. Qc2 {[%clk 1:31:08]} Re8 {[%clk 1:28:08]} 10. Be2
{[%clk 1:30:31]} c6 {[%clk 1:27:00]} 11. O-O {[%clk 1:29:56]} Be7
{[%clk 1:25:45]} 12. Rab1 {[%clk 1:23:32]} a5 {[%clk 1:24:59]} 13. Ne5
{[%clk 1:20:13]} Bd6 {[%clk 1:20:53]} 14. f4 {[%clk 1:18:49]} Nd7
{[%clk 1:07:19]} 15. Rf3 {[%clk 0:59:08]} Nf6 {[%clk 1:06:40]} 16. Bd3
{[%clk 0:56:56]} Be6 {[%clk 1:04:01]} 17. Kh1 {[%clk 0:51:06]} Rc8
{[%clk 1:02:51]} 18. g4 {[%clk 0:41:43]} Bxe5 {[%clk 0:55:41]} 19. dxe5
{[%clk 0:31:15]} Nxg4 {[%clk 0:54:04]} 20. Rg1 {[%clk 0:22:05]} d4
{[%clk 0:46:13]} 21. f5 {[%clk 0:09:35]} Nxe3 {[%clk 0:43:03]} 22. Rxe3
{[%clk 0:08:13]} dxe3 {[%clk 0:43:29]} 23. fxe6 {[%clk 0:08:28]} Rxe6
{[%clk 0:42:38]} 24. Qg2 {[%clk 0:05:57]} g6 {[%clk 0:41:18]} 25. Bc4
{[%clk 0:05:09]} Qe7 {[%clk 0:40:16]} 26. Ne4 {[%clk 0:03:15]} Kg7
{[%clk 0:35:38]} 27. Bxe6 {[%clk 0:00:54]} Qxe6 {[%clk 0:35:55]} 28. Nd6
{[%clk 0:00:53]} Rc7 {[%clk 0:35:14]} 29. Qe4 {[%clk 0:00:38]} Kh7
{[%clk 0:35:03]} 30. Qxe3 {[%clk 0:00:37]} Re7 {[%clk 0:35:32]} 31. Re1
{[%clk 0:00:42]} f6 {[%clk 0:35:59]} 32. Qg3 {[%clk 0:00:34]} fxe5
{[%clk 0:36:02]} 33. Ne4 {[%clk 0:00:47]} Rf7 {[%clk 0:36:31]} 34. Qh4
{[%clk 0:00:38]} Kg7 {[%clk 0:36:42]} 35. Qg3 {[%clk 0:00:36]} Rf4
{[%clk 0:37:02]} 36. Nc3 {[%clk 0:00:55]} Qf5 {[%clk 0:36:56]} 37. Qe3
{[%clk 0:00:35]} Kh7 {[%clk 0:37:21]} 38. Ne4 Rf3 {[%clk 0:35:57]} 39. Qe2
{[%clk 0:00:44]} Qh3 {[%clk 0:36:20]} 40. Qg2 {[%clk 0:30:34]} Qf5
{[%clk 1:06:00]} 1/2-1/2

[Event "WCO 2016"]
[Site "?"]
[Date "2016.09.11"]
[Round "9"]
[Board "22"]
[WhiteID "13406809"]
[White "Bashirli Nail"]
[BlackID "8400040"]
[Black "Colindres Daniel"]
[Result "1-0"]
[BlackElo "2166"]
[WhiteElo "2387"]
[LiveChessVersion "1.4.8"]

1. e4 {[%clk 1:30:56]} Nf6 {[%clk 1:30:38]} 2. e5 {[%clk 1:31:11]} Nd5
{[%clk 1:31:04]} 3. d4 {[%clk 1:31:38]} d6 {[%clk 1:31:26]} 4. c4
{[%clk 1:32:03]} Nb6 {[%clk 1:31:53]} 5. exd6 {[%clk 1:32:30]} cxd6
{[%clk 1:32:19]} 6. Nc3 {[%clk 1:32:54]} g6 {[%clk 1:32:38]} 7. Be3
{[%clk 1:33:15]} Bg7 {[%clk 1:33:03]} 8. Rc1 {[%clk 1:33:30]} O-O
{[%clk 1:33:29]} 9. b3 {[%clk 1:33:54]} Bf5 {[%clk 1:31:08]} 10. Nf3
{[%clk 1:31:59]} d5 {[%clk 1:31:28]} 11. c5 {[%clk 1:31:58]} Nc8 {[%clk 1:31:55]}
12. h3 {[%clk 1:30:52]} Nc6 {[%clk 1:31:46]} 13. Be2 {[%clk 1:28:03]} Be4
{[%clk 1:31:49]} 14. Nxe4 {[%clk 1:25:35]} dxe4 {[%clk 1:32:18]} 15. Ng5
{[%clk 1:24:46]} Nxd4 {[%clk 1:26:10]} 16. Nxe4 {[%clk 0:59:03]} Qd5
{[%clk 1:24:11]} 17. Bxd4 {[%clk 0:54:15]} Bxd4 {[%clk 1:14:59]} 18. Bf3
{[%clk 0:53:30]} Qd8 {[%clk 1:15:22]} 19. O-O {[%clk 0:44:33]} e5
{[%clk 1:11:55]} 20. Rc4 {[%clk 0:41:01]} Kg7 {[%clk 1:09:38]} 21. Nc3
{[%clk 0:36:28]} Qe7 {[%clk 1:07:22]} 22. Nd5 {[%clk 0:25:57]} Qd7
{[%clk 1:07:11]} 23. Re1 {[%clk 0:24:38]} a5 {[%clk 1:05:47]} 24. Rxd4
{[%clk 0:22:55]} exd4 {[%clk 1:06:09]} 25. Qxd4+ {[%clk 0:23:14]} f6
{[%clk 1:05:47]} 26. Bg4 {[%clk 0:23:35]} Qd8 {[%clk 1:03:38]} 27. Bxc8
{[%clk 0:24:00]} Rxc8 {[%clk 1:03:42]} 28. Re7+ {[%clk 0:24:15]} Rf7
{[%clk 1:04:09]} 29. Qxf6+ {[%clk 0:24:39]} 1-0

[Event "WCO 2016"]
[Site "?"]
[Date "2016.09.11"]
[Round "9"]
[Board "23"]
[WhiteID "8400709"]
[White "Gavarrete Nahun"]
[BlackID "13404938"]
[Black "Gadimbayli Abdulla"]
[Result "1/2-1/2"]
[BlackElo "2294"]
[WhiteElo "2149"]
[LiveChessVersion "1.4.8"]

1. e4 {[%clk 1:29:36]} e6 {[%clk 1:30:49]} 2. d4 {[%clk 1:29:33]} d5
{[%clk 1:31:08]} 3. Nc3 {[%clk 1:27:03]} Bb4 {[%clk 1:27:16]} 4. e5
{[%clk 1:24:37]} c5 {[%clk 1:27:28]} 5. a3 {[%clk 1:24:31]} Bxc3+
{[%clk 1:27:10]} 6. bxc3 {[%clk 1:24:51]} Ne7 {[%clk 1:27:09]} 7. Qg4
{[%clk 1:21:09]} Qc7 {[%clk 1:26:36]} 8. Qxg7 {[%clk 1:16:40]} Rg8
{[%clk 1:25:18]} 9. Qxh7 {[%clk 1:16:50]} cxd4 {[%clk 1:25:43]} 10. Ne2
{[%clk 1:16:52]} dxc3 {[%clk 1:25:55]} 11. h4 {[%clk 1:14:28]} Nbc6
{[%clk 1:18:23]} 12. f4 {[%clk 1:04:04]} Bd7 {[%clk 1:00:24]} 13. Rh3
{[%clk 1:03:18]} O-O-O {[%clk 0:42:38]} 14. Nxc3 {[%clk 1:00:04]} Nf5
{[%clk 0:26:21]} 15. Nb5 {[%clk 0:58:07]} Qb8 {[%clk 0:24:21]} 16. Rb1
{[%clk 0:51:10]} Rh8 {[%clk 0:16:51]} 17. Qxf5 {[%clk 0:39:28]} exf5
{[%clk 0:17:04]} 18. Nd6+ {[%clk 0:39:42]} Kc7 {[%clk 0:16:34]} 19. Nb5+
{[%clk 0:39:58]} Kc8 {[%clk 0:16:38]} 20. Nd6+ {[%clk 0:40:14]} Kc7
{[%clk 0:16:22]} 21. Nb5+ {[%clk 0:40:35]} Kc8 {[%clk 0:16:46]} 22. Nd6+
{[%clk 0:40:59]} Kc7 1/2-1/2

[Event "WCO 2016"]
[Site "?"]
[Date "2016.09.11"]
[Round "9"]
[Board "24"]
[WhiteID "13408798"]
[White "Gasimov Parviz"]
[BlackID "2212552"]
[Black "Huguet Sergio"]
[Result "1-0"]
[BlackElo "2099"]
[WhiteElo "2323"]
[LiveChessVersion "1.4.8"]

1. e4 {[%clk 1:30:55]} e6 {[%clk 1:30:53]} 2. d4 {[%clk 1:31:11]} d5
{[%clk 1:31:14]} 3. Nd2 {[%clk 1:30:54]} Nf6 {[%clk 1:31:07]} 4. e5
{[%clk 1:29:49]} Nfd7 {[%clk 1:31:10]} 5. f4 {[%clk 1:30:11]} c5 {[%clk 1:30:34]}
6. c3 {[%clk 1:30:26]} Nc6 {[%clk 1:30:36]} 7. Ndf3 {[%clk 1:30:21]} c4
{[%clk 1:28:39]} 8. Ne2 {[%clk 1:13:58]} b5 {[%clk 1:26:31]} 9. g4
{[%clk 1:09:18]} h5 {[%clk 1:25:07]} 10. gxh5 {[%clk 1:00:18]} Rxh5
{[%clk 1:24:30]} 11. f5 {[%clk 0:51:53]} Nb6 {[%clk 1:19:14]} 12. Nf4
{[%clk 0:48:16]} Rh8 {[%clk 1:13:56]} 13. fxe6 {[%clk 0:45:29]} Bxe6
{[%clk 1:12:45]} 14. Nxe6 {[%clk 0:42:32]} fxe6 {[%clk 1:12:56]} 15. Ng5
{[%clk 0:42:02]} Be7 {[%clk 0:47:40]} 16. Qg4 {[%clk 0:32:21]} Bxg5
{[%clk 0:43:36]} 17. Qxe6+ {[%clk 0:27:22]} Kf8 {[%clk 0:40:17]} 18. Be2
{[%clk 0:07:19]} Bh4+ {[%clk 0:34:40]} 19. Kd1 {[%clk 0:07:44]} Ne7
{[%clk 0:32:20]} 20. Rf1+ {[%clk 0:04:28]} Ke8 {[%clk 0:32:31]} 21. Bg4
{[%clk 0:04:21]} Rf8 {[%clk 0:30:34]} 22. Bh5+ {[%clk 0:04:44]} 1-0

[Event "WCO 2016"]
[Site "?"]
[Date "2016.09.11"]
[Round "9"]
[Board "25"]
[WhiteID "2260409"]
[White "Aloma Vidal Robert"]
[BlackID "3600017"]
[Black "Matamoros Franco Carlos S."]
[Result "0-1"]
[BlackElo "2488"]
[WhiteElo "2482"]
[LiveChessVersion "1.4.8"]

1. d4 {[%clk 1:30:56]} Nf6 {[%clk 1:30:49]} 2. c4 {[%clk 1:31:20]} g6
{[%clk 1:31:13]} 3. Nc3 {[%clk 1:31:45]} Bg7 {[%clk 1:31:39]} 4. e4
{[%clk 1:31:52]} d6 {[%clk 1:32:04]} 5. Nf3 {[%clk 1:32:07]} O-O {[%clk 1:32:25]}
6. Be2 {[%clk 1:32:32]} e5 {[%clk 1:32:03]} 7. O-O {[%clk 1:32:43]} Na6
{[%clk 1:31:03]} 8. Be3 {[%clk 1:33:02]} c6 {[%clk 1:31:26]} 9. Rb1
{[%clk 1:21:45]} Ng4 {[%clk 1:18:03]} 10. Bg5 {[%clk 1:21:48]} Qe8
{[%clk 1:18:01]} 11. d5 {[%clk 1:21:04]} h6 {[%clk 1:04:56]} 12. Bc1
{[%clk 1:18:21]} c5 {[%clk 1:04:20]} 13. Ne1 {[%clk 1:17:37]} f5 {[%clk 1:01:53]}
14. exf5 {[%clk 1:01:43]} gxf5 {[%clk 1:02:12]} 15. h3 {[%clk 1:01:55]} Nf6
{[%clk 1:02:32]} 16. f4 {[%clk 1:02:17]} Ne4 {[%clk 0:50:58]} 17. Nxe4
{[%clk 0:50:09]} fxe4 {[%clk 0:51:19]} 18. g4 {[%clk 0:28:24]} exf4
{[%clk 0:39:47]} 19. Bxf4 {[%clk 0:28:46]} h5 {[%clk 0:36:17]} 20. Ng2
{[%clk 0:27:16]} hxg4 {[%clk 0:33:12]} 21. Bxg4 {[%clk 0:24:22]} Nb4
{[%clk 0:31:37]} 22. Bxc8 {[%clk 0:20:35]} Qxc8 {[%clk 0:30:42]} 23. Qh5
{[%clk 0:20:45]} Rf5 {[%clk 0:18:24]} 24. Qg4 {[%clk 0:08:32]} Rf6
{[%clk 0:15:27]} 25. Qg3 {[%clk 0:08:15]} Qd7 {[%clk 0:08:23]} 26. Bg5
{[%clk 0:06:53]} Rxf1+ {[%clk 0:04:43]} 27. Rxf1 {[%clk 0:07:21]} Nd3
{[%clk 0:05:03]} 28. Nf4 {[%clk 0:06:31]} Nxf4 {[%clk 0:02:12]} 29. Rxf4
{[%clk 0:07:00]} Rf8 {[%clk 0:01:41]} 30. Bf6 {[%clk 0:04:54]} Rf7
{[%clk 0:01:05]} 31. b3 {[%clk 0:02:39]} Kh7 {[%clk 0:01:03]} 32. Qh4+
{[%clk 0:02:07]} Kg8 {[%clk 0:01:32]} 33. Rg4 {[%clk 0:02:12]} Rxf6
{[%clk 0:02:01]} 34. Rxe4 {[%clk 0:01:57]} Qf7 {[%clk 0:02:07]} 35. Kg2
{[%clk 0:01:58]} Rg6+ {[%clk 0:01:06]} 36. Rg4 {[%clk 0:02:22]} Qf5
{[%clk 0:01:04]} 37. Qd8+ {[%clk 0:02:39]} Kh7 {[%clk 0:01:14]} 38. Qh4+
{[%clk 0:02:56]} Kg8 {[%clk 0:01:20]} 39. Qd8+ {[%clk 0:03:20]} Bf8
{[%clk 0:01:27]} 40. Kg3 {[%clk 0:33:11]} Qe5+ {[%clk 0:31:32]} 41. Kf3
{[%clk 0:33:26]} Qf5+ {[%clk 0:28:48]} 42. Kg3 {[%clk 0:31:59]} Rxg4+
{[%clk 0:28:57]} 43. hxg4 {[%clk 0:32:21]} Qe5+ {[%clk 0:29:22]} 44. Kf3
{[%clk 0:32:29]} Kf7 {[%clk 0:29:25]} 45. Qb8 {[%clk 0:31:24]} Qc3+
{[%clk 0:28:08]} 46. Kg2 {[%clk 0:31:02]} Qc2+ {[%clk 0:27:16]} 47. Kf3
{[%clk 0:31:03]} Qd3+ {[%clk 0:27:39]} 48. Kf2 {[%clk 0:30:39]} Qd2+
{[%clk 0:12:24]} 49. Kf3 {[%clk 0:30:22]} Qd1+ {[%clk 0:12:33]} 50. Kg3
{[%clk 0:27:27]} Qe1+ {[%clk 0:11:42]} 51. Kf3 {[%clk 0:27:50]} Qe7
{[%clk 0:09:07]} 52. g5 {[%clk 0:20:40]} Kg6 {[%clk 0:07:20]} 53. Qxa7
{[%clk 0:18:39]} Kxg5 {[%clk 0:07:35]} 54. Qa5 {[%clk 0:18:38]} Qf6+
{[%clk 0:07:52]} 55. Ke2 {[%clk 0:17:50]} Kg4 {[%clk 0:07:56]} 56. Qa8
{[%clk 0:15:36]} Bh6 {[%clk 0:03:44]} 57. Qg8+ {[%clk 0:15:38]} Bg5
{[%clk 0:04:01]} 58. a4 {[%clk 0:07:20]} Qf3+ {[%clk 0:03:50]} 59. Ke1
{[%clk 0:07:43]} Qe3+ {[%clk 0:04:14]} 60. Kf1 {[%clk 0:08:05]} Kg3
{[%clk 0:04:15]} 61. Qf8 {[%clk 0:08:14]} Qd3+ {[%clk 0:04:33]} 62. Ke1
{[%clk 0:08:32]} Qd2+ {[%clk 0:04:54]} 0-1

[Event "WCO 2016"]
[Site "?"]
[Date "2016.09.11"]
[Round "9"]
[Board "26"]
[WhiteID "3609677"]
[White "Barros Rivadeneira Cristhian"]
[BlackID "6900224"]
[Black "De La Riva Aguado Oscar"]
[Result "1/2-1/2"]
[BlackElo "2503"]
[WhiteElo "2351"]
[LiveChessVersion "1.4.8"]

1. d4 {[%clk 1:30:55]} f5 {[%clk 1:30:29]} 2. g3 {[%clk 1:31:11]} Nf6
{[%clk 1:30:40]} 3. Bg2 {[%clk 1:31:35]} g6 {[%clk 1:30:53]} 4. Nf3
{[%clk 1:31:32]} Bg7 {[%clk 1:31:09]} 5. O-O {[%clk 1:30:49]} O-O
{[%clk 1:31:25]} 6. c4 {[%clk 1:30:54]} d6 {[%clk 1:31:41]} 7. Nc3
{[%clk 1:31:07]} c6 {[%clk 1:29:49]} 8. b3 {[%clk 1:29:30]} Qa5 {[%clk 1:26:18]}
9. Bd2 {[%clk 1:20:48]} Qc7 {[%clk 1:23:18]} 10. Qc1 {[%clk 1:20:50]} e5
{[%clk 1:21:31]} 11. dxe5 {[%clk 1:20:37]} dxe5 {[%clk 1:21:51]} 12. Bh6
{[%clk 1:19:44]} e4 {[%clk 1:12:45]} 13. Nd4 {[%clk 1:10:04]} Na6
{[%clk 1:11:53]} 14. Bxg7 {[%clk 1:10:01]} Kxg7 {[%clk 1:12:06]} 15. Rd1
{[%clk 1:04:59]} Re8 {[%clk 1:09:16]} 16. Qf4 {[%clk 0:52:13]} Qe7
{[%clk 1:00:44]} 17. Nc2 {[%clk 0:42:04]} Be6 {[%clk 0:47:37]} 18. Rd2
{[%clk 0:33:46]} Rad8 {[%clk 0:40:49]} 19. Rad1 {[%clk 0:33:38]} Rxd2
{[%clk 0:40:38]} 20. Rxd2 {[%clk 0:28:32]} Bf7 {[%clk 0:40:35]} 21. h3
{[%clk 0:22:45]} h5 {[%clk 0:33:35]} 22. Ne3 {[%clk 0:18:53]} Qb4
{[%clk 0:25:01]} 23. Nb1 {[%clk 0:18:40]} Qc5 {[%clk 0:25:13]} 24. Nc3
{[%clk 0:07:05]} Qa5 {[%clk 0:19:50]} 25. Nb1 {[%clk 0:07:21]} Nc7
{[%clk 0:16:54]} 26. b4 {[%clk 0:04:13]} Qxb4 {[%clk 0:15:15]} 27. Qxc7
{[%clk 0:04:35]} Qxb1+ {[%clk 0:14:53]} 28. Kh2 {[%clk 0:04:07]} Qb4
{[%clk 0:12:59]} 29. Rd6 {[%clk 0:02:20]} Qc5 {[%clk 0:11:14]} 30. Nd5
{[%clk 0:01:07]} Nxd5 {[%clk 0:06:01]} 31. cxd5 {[%clk 0:01:30]} Qb6
{[%clk 0:04:32]} 32. Qxb6 {[%clk 0:00:38]} axb6 {[%clk 0:04:57]} 33. dxc6
{[%clk 0:01:03]} bxc6 {[%clk 0:05:22]} 34. Rxc6 {[%clk 0:01:30]} Ra8
{[%clk 0:03:27]} 35. Rxb6 {[%clk 0:01:23]} Rxa2 {[%clk 0:03:51]} 36. Bf1
{[%clk 0:01:43]} Bc4 {[%clk 0:03:45]} 37. Kg2 {[%clk 0:01:21]} Bxe2
{[%clk 0:03:15]} 38. Bxe2 {[%clk 0:01:47]} Rxe2 {[%clk 0:03:41]} 39. h4
{[%clk 0:00:34]} Rd2 {[%clk 0:03:50]} 40. Kf1 {[%clk 0:30:39]} Kf7
{[%clk 0:32:19]} 41. Ra6 {[%clk 0:30:09]} Rd3 {[%clk 0:28:18]} 42. Ra7+
{[%clk 0:25:30]} Ke6 {[%clk 0:26:30]} 43. Ra6+ {[%clk 0:25:48]} Rd6
{[%clk 0:25:38]} 44. Ra5 {[%clk 0:26:02]} Rb6 {[%clk 0:23:32]} 45. Kg1
{[%clk 0:24:45]} Kf6 {[%clk 0:23:54]} 46. Kg2 {[%clk 0:25:02]} g5
{[%clk 0:21:31]} 47. hxg5+ {[%clk 0:25:07]} Kxg5 {[%clk 0:21:53]} 48. Ra8
{[%clk 0:25:05]} Rb2 {[%clk 0:12:33]} 49. Rg8+ {[%clk 0:25:16]} Kf6
{[%clk 0:12:52]} 50. Kg1 {[%clk 0:25:25]} Rb7 {[%clk 0:12:29]} 51. Rf8+
{[%clk 0:19:24]} Rf7 {[%clk 0:12:23]} 52. Rh8 {[%clk 0:16:09]} Kg6
{[%clk 0:12:43]} 53. Kg2 {[%clk 0:16:26]} f4 {[%clk 0:11:31]} 54. f3
{[%clk 0:13:59]} exf3+ {[%clk 0:07:54]} 55. Kxf3 {[%clk 0:14:22]} fxg3+
{[%clk 0:08:20]} 56. Kxg3 {[%clk 0:14:48]} Ra7 1/2-1/2

[Event "WCO 2016"]
[Site "?"]
[Date "2016.09.11"]
[Round "9"]
[Board "27"]
[WhiteID "6900348"]
[White "Fernandez Lopez Joan"]
[BlackID "3603296"]
[Black "Macias Murillo Bryan"]
[Result "0-1"]
[BlackElo "2276"]
[WhiteElo "2142"]
[LiveChessVersion "1.4.8"]

1. e4 {[%clk 1:30:56]} c5 {[%clk 1:30:56]} 2. Nf3 {[%clk 1:31:10]} g6
{[%clk 1:30:28]} 3. d4 {[%clk 1:29:51]} cxd4 {[%clk 1:30:47]} 4. Nxd4
{[%clk 1:28:40]} Bg7 {[%clk 1:31:10]} 5. Nc3 {[%clk 1:28:05]} Nc6
{[%clk 1:31:12]} 6. Be3 {[%clk 1:28:03]} Nf6 {[%clk 1:31:13]} 7. Bc4
{[%clk 1:26:51]} O-O {[%clk 1:31:23]} 8. Bb3 {[%clk 1:26:28]} d6 {[%clk 1:29:52]}
9. f3 {[%clk 1:25:54]} Bd7 {[%clk 1:30:14]} 10. Qd2 {[%clk 1:24:41]} Rc8
{[%clk 1:30:32]} 11. h4 {[%clk 1:22:47]} h5 {[%clk 1:27:04]} 12. O-O-O
{[%clk 1:18:36]} Ne5 {[%clk 1:24:25]} 13. Kb1 {[%clk 1:15:50]} Re8
{[%clk 1:15:41]} 14. Bh6 {[%clk 1:05:14]} Bh8 {[%clk 1:10:47]} 15. g4
{[%clk 0:54:05]} Nc4 {[%clk 0:59:03]} 16. Qd3 {[%clk 0:42:52]} b5
{[%clk 0:58:54]} 17. Ndxb5 {[%clk 0:36:29]} Bxb5 {[%clk 0:57:20]} 18. Nxb5
{[%clk 0:36:51]} Nxb2 {[%clk 0:57:05]} 19. Kxb2 {[%clk 0:30:52]} Nxg4+
{[%clk 0:57:27]} 20. Kb1 {[%clk 0:31:08]} Nxh6 {[%clk 0:57:15]} 21. e5
{[%clk 0:24:38]} e6 {[%clk 0:53:53]} 22. Nxd6 {[%clk 0:18:13]} Bxe5
{[%clk 0:53:52]} 23. Nxc8 {[%clk 0:12:32]} Qxc8 {[%clk 0:54:16]} 24. c4
{[%clk 0:11:02]} Qc5 {[%clk 0:52:57]} 25. Rhe1 {[%clk 0:09:14]} Nf5
{[%clk 0:51:47]} 26. Qe4 {[%clk 0:07:41]} Bc3 {[%clk 0:50:19]} 27. Rg1
{[%clk 0:06:16]} Bf6 {[%clk 0:47:56]} 28. Rg2 {[%clk 0:04:57]} Nxh4
{[%clk 0:40:22]} 29. Rc2 {[%clk 0:04:08]} Nf5 {[%clk 0:40:38]} 30. Rd5
{[%clk 0:02:29]} exd5 {[%clk 0:35:37]} 31. Qxe8+ {[%clk 0:02:56]} Kg7
{[%clk 0:36:02]} 32. cxd5 {[%clk 0:02:32]} Qg1+ {[%clk 0:36:26]} 33. Rc1
{[%clk 0:02:28]} Qd4 {[%clk 0:36:51]} 34. Qe2 {[%clk 0:00:42]} Ne3
{[%clk 0:36:27]} 0-1